00586 a2200193 4500001000700000003000400007005001700011008004100028082001800069100001600087245005200103260002200155300001000177690003400187700001700221942001200238999001500250952012700265067093OSt20211028153631.0  a005.133bD53P1 aDey, Pradip1 aProgramming in Ccby Pradip Dey and Manas Ghosh aNew DelhibOxford a779p. aC (Computer program language) aGhosh, Manas 2ddccBK c1077d1077 00102ddc40708TXBaCURAJbCURAJd2012-03-07eCSCg385.00l9o005.133 D53Pp1379r2025-04-11s2025-03-25w2020-09-02yBK